MARC details
| 000 -CABECERA |
| campo de control de longitud fija |
02732nam a22002897a 4500 |
| 003 - IDENTIFICADOR DEL NÚMERO DE CONTROL |
| campo de control |
OSt |
| 005 - FECHA Y HORA DE LA ÚLTIMA TRANSACCIÓN |
| campo de control |
20250513140152.0 |
| 008 - DATOS DE LONGITUD FIJA--INFORMACIÓN GENERAL |
| campo de control de longitud fija |
250512t2020 flu||||| |||| 00| 0 eng d |
| 020 ## - NÚMERO INTERNACIONAL ESTÁNDAR DEL LIBRO |
| Número Internacional Estándar del Libro |
978 - 0 - 367 - 13610 - 9 |
| 040 ## - FUENTE DE LA CATALOGACIÓN |
| Centro catalogador/agencia de origen |
CHAP |
| Centro/agencia transcriptor |
PA |
| Normas de descripción |
rda |
| 041 ## - CÓDIGO DE LENGUA |
| Código de lengua del texto/banda sonora o título independiente |
eng |
| Código de lengua del sumario o resumen |
eng |
| Código de lengua de la tabla de contenido |
eng |
| Código de lengua original |
eng |
| 082 00 - NÚMERO DE LA CLASIFICACIÓN DECIMAL DEWEY |
| Número de clasificación |
PA 632.96 |
| Número de documento/Ítem |
.S56 2020 |
| 100 ## - ENTRADA PRINCIPAL--NOMBRE DE PERSONA |
| Nombre de persona |
Shoda, Makoto |
| Término indicativo de función/relación |
autor |
| 9 (RLIN) |
190341 |
| 245 ## - MENCIÓN DE TÍTULO |
| Título |
Biocontrol of plant diseases by Bacillus subtilis: |
| Resto del título |
Basic and practical applications / |
| Mención de responsabilidad, etc. |
Makoto Shoda |
| 264 ## - PRODUCCIÓN, PUBLICACIÓN, DISTRIBUCIÓN, FABRICACIÓN Y COPYRIGHT |
| Producción, publicación, distribución, fabricación y copyright |
Boca Raton : |
| Nombre del de productor, editor, distribuidor, fabricante |
CRC Press, Taylor & Francis Group, |
| Fecha de producción, publicación, distribución, fabricación o copyright |
2020 |
| 300 ## - DESCRIPCIÓN FÍSICA |
| Extensión |
xiii, 325 paginas: |
| Otras características físicas |
ilustraciones ; |
| 336 ## - TIPO DE CONTENIDO |
| Fuente |
rdacontent |
| Término de tipo de contenido |
texto |
| Código de tipo de contenido |
txt |
| 337 ## - TIPO DE MEDIO |
| Fuente |
rdamedia |
| Nombre/término del tipo de medio |
sin medio |
| Código del tipo de medio |
n |
| 338 ## - TIPO DE SOPORTE |
| Fuente |
rdacarrier |
| Nombre/término del tipo de soporte |
volumen |
| Código del tipo de soporte |
nc |
| 505 ## - NOTA DE CONTENIDO CON FORMATO |
| Nota de contenido con formato |
Preface. -- Author. -- Chapter 1. Introduction. -- Chapter 2. In Vitro Selection of B. subtilis as a Candidate of Biocontrol Agent and Characterization of Suppressive Products. -- Chapter 3. In Vivo Plant Tests. -- Chapter 4. Stability of B. subtilis and Its Derivative Strains in Soil. -- Chapter 5. Development of Transformation Methods of B. subtilis and Cloning of Genes Responsible for Biosynthesis of Lipopeptide Antibiotics. -- Chapter 6 .Genetic Analysis of B. subtilis Related with Production of Three Peptide Substances. -- Chapter 7. Optimization Study of Production of Antifungal Substances and Spores in Submerged Fermentation (SmF) or in Solid-State Fermentation (SSF). -- Chapter 8. Surfactin Production and Plasmid Stability. -- Chapter 9. Co-Use of B. subtilis with Chemical Pesticide. -- Chapter 10. Mixed Culture Effect on Biocontrol. -- Chapter 11. Practical Application of B. subtilis in Fruit Gardens for Biocontrol of Diseases. -- Chapter 12. Conclusions. Index. |
| 520 ## - SUMARIO, ETC. |
| Sumario, etc. |
Las enfermedades de las plantas representan una grave amenaza para la producción de alimentos. Este volumen único proporciona el conocimiento fundamental y el uso práctico de Bacillus subtilis como prometedor agente de biocontrol. Para reemplazar los pesticidas químicos, una posibilidad son los pesticidas microbianos que utilizan microbios seguros. Bacillus subtilis es uno de varios candidatos. Aquí se presenta el cribado de la bacteria, la aplicación de pruebas en plantas, la aclaración de su mecanismo supresor frente a fitopatógenos y los aspectos de ingeniería de la producción de péptidos supresores. El autor ilustra cómo Bacillus subtilis es mucho más ventajoso que, por ejemplo, Pseudomonas en el biocontrol y puede considerarse un candidato útil. |
| 534 ## - NOTA SOBRE LA VERSIÓN ORIGINAL |
| Frase introductoria |
Título original: |
| 650 #0 - PUNTO DE ACCESO ADICIONAL DE MATERIA--TÉRMINO DE MATERIA |
| Término de materia o nombre geográfico como elemento de entrada |
Plagucidas Microbianos |
| 9 (RLIN) |
190353 |
| 650 #0 - PUNTO DE ACCESO ADICIONAL DE MATERIA--TÉRMINO DE MATERIA |
| Término de materia o nombre geográfico como elemento de entrada |
Bacillus subtilis |
| Subdivisión general |
Biotecnología |
| 9 (RLIN) |
190354 |
| 650 #7 - PUNTO DE ACCESO ADICIONAL DE MATERIA--TÉRMINO DE MATERIA |
| Término de materia o nombre geográfico como elemento de entrada |
Organismos fitopatógenos |
| Subdivisión general |
Control biológico |
| 9 (RLIN) |
83519 |
| 942 ## - ELEMENTOS DE PUNTO DE ACCESO ADICIONAL (KOHA) |
| Fuente del sistema de clasificación o colocación |
Dewey Decimal Classification |
| Tipo de ítem Koha |
|